000 01134nac a22004090a 4500
001 PT35187
003 AR-LpoUNG
005 20210201005343.0
008 201001s2005||||ag |||||||||||||||||spa d
020 _a9872149135
_c$18
040 _aAR-LpoUNG
_bspa
_eaacr
041 _aspa
044 _aag
082 0 _a982.04 933v1
100 1 _aMoussy, V. Martín de
245 1 0 _aDescripción geográfica y estadística de la Confederación Argentina
250 _a1ra. ed.
260 _aBuenos Aires :
_bAcademia Nacional de la Historia,
_c2005.
300 _a554 p. :
_btbls.
_a(3
_fVolúmenes)
_3Impreso
490 0 _aDescripción geográfica y estadística de la Confederación Argentina
650 4 _aAGRICULTURA
650 4 _aANALISIS ESTADISTICO
650 4 _aANALISIS HISTORICO
650 4 _aARGENTINA
650 4 _aCLIMATOLOGIA
650 4 _aGEOGRAFIA
650 4 _aGEOLOGIA
650 4 _aHIDROGRAFIA
650 4 _aHISTORIA POLITICA
650 4 _aMINERALES
650 4 _aOROGRAFIA
650 4 _aSUELOS
651 4 _aArgentina
700 1 _aBosch, Beatriz
_eed.
905 _a35187
942 _cLIB
999 _c49236
_d49236